• 首页
  • 本馆介绍
  • 公告通知
  • 最新文献
  • 馆藏检索
  • 电子资源
  • 读者导购
  • 参考咨询
  • 我的图书馆
  • 登录
  • 详细信息显示
  • 放入我的书架
  • 预约/预借图书
  • 作者相关作品
  • 分类相关作品
  • 丛书相关作品
  • 出版社相关作品

书目信息

  • 表格格式
  • 工作单格式
  • 卡片格式
题名:
天助与天惩
    
 
作者: 张国杰 于德湘
分册:  
出版信息: 北京   科学出版社  1999
页数: 193页
开本: 20cm
丛书名:
单 册:
中图分类: E915
科图分类:
主题词: 军事技术--基础科学
电子资源:
ISBN: 7-03-007361-4
000 00646nam0 2200193 450
001 0736196517
005 20070924100316.51
010    @a7-03-007361-4@d¥15.00
100    @a20070924d km y0chiy0120 ea
101 0  @achi
200 1  @a天助与天惩@Atian zhu yu tian cheng@e气象影响战争事例选编@f张国杰 于德湘@Fzhang guo jie yu de xiang
210    @a北京@c科学出版社@d1999
215    @a193页@d20cm
517 1  @a气象影响战争事例选编@Aqi xiang ying xiang zhan zheng shi li xuan bian
606 0  @a军事技术@x基础科学
690    @aE915@v3
701  0 @a张国杰 于德湘@Azhang guo jie yu de xiang
801  0 @aCN@bPFT@c20070924
905    @a213230@dE915@eZY1@f1
    
    天助与天惩:气象影响战争事例选编/张国杰 于德湘.-北京:科学出版社,1999
    193页;20cm
    
    
    ISBN 7-03-007361-4:¥15.00
    
●
相关链接 在E读中查询图书 在五车中查询图书 在当当中查询图书 在豆瓣中查询图书


正题名:天助与天惩     索取号:E915/ZY1         预约/预借

序号 登录号 条形码 馆藏地/架位号 状态 备注
1 7900482   279004827   密集书库-资源管理系/ [索取号:E915/ZY1] 在馆    
唐山师范学院图书馆 欢迎您!
大连网信软件有限公司© 版权所有